000 00676nam a22002417a 4500
001 91355
003 UA-OsUOA
005 20210707223129.0
007 ta
008 20121127b un ||||| |||| 00| 0 ukr d
040 _aUA-OsUOA
_bukr
_cUA-OsUOA
_dUA-OsUOA
041 _aukr
080 _a821.161.2
090 _a821.161.2
_bТ44
100 _aТис Ю.
245 _aМаркіза
_bісторичні оповідання
260 _aВінніпег
_c1954
300 _a127 с.
650 7 _a82 Література. Літературознавство
_2UDC
942 _cBK
_2udc
955 _a3
999 _c377616
_d377616